Restoring Public Finances : 2012 Update /
-д хадгалсан:
| Байгууллагын зохиогч: | |
|---|---|
| Формат: | Ном |
| Хэл сонгох: | англи |
| Хэвлэсэн: |
París, Francia :
OCDE,
2012, c2012
|
| Нөхцлүүд: | |
| Шошгууд: |
Шошго байхгүй, Энэхүү баримтыг шошголох эхний хүн болох!
|
MARC
| LEADER | 00000nam^a2200000^a^4500 | ||
|---|---|---|---|
| 001 | 000330173 | ||
| 005 | 20250521000000.0 | ||
| 009 | 20260310113957.022 | ||
| 020 | |a 978-92-64-17944-8 | ||
| 037 | |a Acervo ITESO - Biblioteca | ||
| 041 | |a ING | ||
| 082 | |a 336. |b OCDE 2012 | ||
| 110 | |a OCDE | ||
| 245 | 1 | 0 | |a Restoring Public Finances : |b 2012 Update / |c OCDE. |
| 264 | 4 | |a París, Francia : |b OCDE, |c 2012, c2012 | |
| 300 | |a 270 p. | ||
| 336 | |a texto |b txt |2 rdacontenido | ||
| 337 | |a sin mediación |b n |2 rdamedio | ||
| 338 | |a volumen |b nc |2 rdasoporte | ||
| 649 | |a XX | ||
| 650 | |a Presupuesto Público | ||
| 650 | |a Política Financiera - |x Tema Principal | ||
| 650 | |a Políticas Públicas - |x Tema Principal | ||
| 650 | |a Finanzas Públicas | ||
| 650 | |a Sistema Financiero | ||
| 650 | |a Administración Pública | ||
| 910 | |a Fondo General | ||
| 920 | |a Impresos - Libros | ||
| 930 | |a Colección General | ||
| 905 | |a 101 | ||
| 901 | |a 0500219658 |b IT1 |c ACC |i C136294 |u 20250521 | ||
| 902 | |a https://opac.biblio.iteso.mx/vufind/Record/000330173 | ||